000 00790cam a2200265 a 4500
001 3526920
005 20180124074959.0
008 960919s1997 enka b 001 0 eng
010 _a 96046106
020 _a0521592755 (hardback)
020 _a0521597137 (pbk.)
020 _a0521364094 (hardback)
020 _a0521367042 (pbk.)
040 _aDLC
_cDLC
_dDLC
041 _aeng
080 _a330.17 yor
082 0 0 _a330.17 yor
_220
100 1 _a52
101 _aeco
245 1 0 _aEconomic analysis of property rights /
_cYoram Barzel.
504 _aIncludes bibliographical references (p. 154-157) and index.
906 _a7
_bcbc
_corignew
_d1
_eocip
_f19
_gy-gencatlg
942 _2ddc
_cBK
999 _c40865
_d40865